[Event "BCF-chT3N 1819 (4NCL)"]
[Site "England"]
[Date "2019.01.12"]
[Round "3.62"]
[White "Newton, Robert"]
[Black "Akeya Price, Robert A"]
[Result "1-0"]
[WhiteElo "2035"]
[BlackElo "1845"]
[PlyCount "87"]
[EventDate "2018.11.10"]
[EventType "team-swiss"]
[EventRounds "11"]
[EventCountry "ENG"]
[SourceTitle "EXT 2021"]
[Source "ChessBase"]
[SourceDate "2020.10.23"]
[SourceVersion "1"]
[SourceVersionDate "2020.10.23"]
[SourceQuality "1"]
[WhiteTeam "Manchester Manticores II"]
[BlackTeam "Manx Liberty II"]
[WhiteTeamCountry "ENG"]
[BlackTeamCountry "ENG"]

1. d4 Nf6 2. c4 e6 3. Nc3 Bb4 4. Qc2 d5 5. e3 0-0 6. Bd3 dxc4 7. Bxc4 c5 8. Nf3 cxd4 9. exd4 Nc6 10. Be3 b6 11. 0-0 Bb7 12. Rfd1 Na5 13. Bd3 Bxf3 14. gxf3 Rc8 15. Rac1 Nc4 16. Bg5 h6 17. Bh4 g5 18. Bg3 Nd5 19. Nxd5 exd5 20. Bf5 Ne3 21. Qxc8 Qxc8 22. Bxc8 Nxd1 23. a3 Be7 24. b4 Nb2 25. Ba6 Bf6 26. Rc2 Bxd4 27. Rd2 Bf6 28. Rxd5 Rd8 29. Rxd8+ Bxd8 30. Be5 Na4 31. Bb5 Nc5 32. bxc5 bxc5 33. Bd6 Bb6 34. Bc4 Kg7 35. Kf1 Kf6 36. Ke2 Kf5 37. Bxf7 Kf6 38. Bc4 Kf5 39. h3 h5 40. a4 a5 41. Kd3 g4 42. fxg4+ hxg4 43. hxg4+ Kxg4 44. Ke4 1-0

[Event "Bolton Easter op"]
[Site "Bolton"]
[Date "2018.04.01"]
[Round "4"]
[White "Boswell, Jacob Connor"]
[Black "Newton, Robert"]
[Result "1/2-1/2"]
[WhiteElo "1903"]
[BlackElo "1962"]
[PlyCount "73"]
[EventDate "2018.03.30"]
[EventType "swiss"]
[EventRounds "5"]
[EventCountry "ENG"]
[SourceTitle "CBM 183 Extra"]
[Source "ChessBase"]
[SourceDate "2018.04.19"]
[SourceVersion "1"]
[SourceVersionDate "2018.04.19"]
[SourceQuality "1"]

1. e4 c5 2. Nf3 d6 3. d4 cxd4 4. Nxd4 Nf6 5. Nc3 g6 6. Be3 Bg7 7. Be2 Nc6 8. 0-0 0-0 9. Qd2 Bd7 10. f4 Rc8 11. Nb3 a6 12. a4 Be6 13. f5 Bxb3 14. cxb3 Na5 15. Bd1 Rxc3 16. Qxc3 Nxe4 17. Qb4 Nc5 18. Bc2 Bxb2 19. Rad1 Qc7 20. Bh6 Nc6 21. Qf4 Be5 22. Qf2 Bg7 23. Bxg7 Kxg7 24. fxg6 hxg6 25. Bxg6 Ne5 26. Bc2 Rh8 27. Rde1 Ncd7 28. Bf5 Nf6 29. Rc1 Qa5 30. Qg3+ Ng6 31. Bxg6 fxg6 32. Qe3 e5 33. Qf3 Qb6+ 34. Kh1 Rf8 35. Rc8 Rxc8 36. Qxf6+ Kh6 37. Qh4+ 1/2-1/2

[Event "Bolton Easter op"]
[Site "Bolton"]
[Date "2018.04.01"]
[Round "5"]
[White "Newton, Robert"]
[Black "Hamilton, Selwyn L"]
[Result "1-0"]
[WhiteElo "1962"]
[BlackElo "1668"]
[PlyCount "75"]
[EventDate "2018.03.30"]
[EventType "swiss"]
[EventRounds "5"]
[EventCountry "ENG"]
[SourceTitle "CBM 183 Extra"]
[Source "ChessBase"]
[SourceDate "2018.04.19"]
[SourceVersion "1"]
[SourceVersionDate "2018.04.19"]
[SourceQuality "1"]

1. d4 d5 2. c4 e6 3. Nf3 Nf6 4. Nc3 c5 5. e3 Nc6 6. a3 a6 7. dxc5 Bxc5 8. b4 Ba7 9. Bb2 dxc4 10. Bxc4 Qxd1+ 11. Rxd1 Ke7 12. 0-0 Rd8 13. b5 Na5 14. Be2 axb5 15. Nxb5 Bb8 16. Ne5 Bxe5 17. Bxe5 Ra6 18. Rxd8 Kxd8 19. Rd1+ Bd7 20. Nd6 Rb6 21. Nxf7+ Ke7 22. Ng5 h6 23. Nf3 Bc6 24. Bd6+ Ke8 25. Bb4 Bxf3 26. Bxf3 Nc4 27. Be2 Ne5 28. f4 Ned7 29. Bf3 e5 30. g4 exf4 31. exf4 Nb8 32. g5 hxg5 33. fxg5 Nfd7 34. Re1+ Kf7 35. h4 Rb5 36. Bh5+ Kg8 37. Re8+ Kh7 38. g6+ 1-0

[Event "Wakefield 4NCL op 10th"]
[Site "Wakefield"]
[Date "2016.09.10"]
[Round "2"]
[White "Johnson, Paul A"]
[Black "Newton, Robert"]
[Result "1/2-1/2"]
[WhiteElo "1859"]
[BlackElo "2006"]
[PlyCount "98"]
[EventDate "2016.09.09"]
[EventType "swiss"]
[EventRounds "5"]
[EventCountry "ENG"]
[SourceTitle "CBM 174 Extra"]
[Source "ChessBase"]
[SourceDate "2016.10.10"]
[SourceVersion "1"]
[SourceVersionDate "2016.10.10"]
[SourceQuality "1"]

1. d4 g6 2. e4 Bg7 3. Nf3 d6 4. c4 Nd7 5. Nc3 c6 6. Be2 Qc7 7. 0-0 Ngf6 8. h3 b6 9. Be3 Bb7 10. Qc2 a6 11. a4 0-0 12. Rfd1 Rad8 13. Rac1 Qb8 14. Qb1 h6 15. b3 Kh7 16. Nh4 e5 17. f4 exd4 18. Bxd4 c5 19. Bf2 Rfe8 20. Bf3 Nf8 21. Rd2 Qa8 22. Re2 Ne6 23. f5 Nf4 24. fxg6+ fxg6 25. Ree1 Nd7 26. Nd5 Bxd5 27. exd5 Rxe1+ 28. Rxe1 Ne5 29. Be4 Rf8 30. Bg3 Qd8 31. Qc2 Qg5 32. Kh2 Nh5 33. Bf2 Nf6 34. Nf3 Nxf3+ 35. Bxf3 Nd7 36. Bg3 Be5 37. Bxe5 Nxe5 38. Be4 Kg7 39. Qc3 Qf6 40. Qg3 Qf4 41. Qxf4 Rxf4 42. Kg3 g5 43. Re2 a5 44. Bc2 Kf6 45. Rf2 Rxf2 46. Kxf2 h5 47. g3 h4 48. g4 Nd7 49. Ke3 Ke5 1/2-1/2

[Event "Wakefield 4NCL op-A 8th"]
[Site "Wakefield"]
[Date "2016.04.03"]
[Round "4"]
[White "Gazis, Georgios"]
[Black "Newton, Robert"]
[Result "0-1"]
[WhiteElo "1797"]
[BlackElo "2016"]
[PlyCount "82"]
[EventDate "2016.04.01"]
[EventType "swiss"]
[EventRounds "5"]
[EventCountry "ENG"]
[SourceTitle "CBM 171 Extra"]
[Source "ChessBase"]
[SourceDate "2016.04.26"]
[SourceVersion "1"]
[SourceVersionDate "2016.04.26"]
[SourceQuality "1"]

1. e4 c5 2. Nf3 d6 3. c3 a6 4. d4 Nd7 5. Bd3 Qc7 6. 0-0 g6 7. Qe2 Bg7 8. a4 b6 9. e5 dxe5 10. dxe5 Bb7 11. Bf4 e6 12. Nbd2 Ne7 13. Nc4 0-0 14. Be4 Nd5 15. Bg3 Bc6 16. Nd6 b5 17. axb5 axb5 18. Nxb5 Bxb5 19. Qxb5 Rxa1 20. Rxa1 Rb8 21. Qe2 N5b6 22. Bc2 c4 23. Re1 Ra8 24. Bb1 Ra5 25. Nd4 Bxe5 26. Nc2 Bxg3 27. hxg3 Re5 28. Qd2 Rd5 29. Qe2 Qd6 30. Nd4 e5 31. Nf3 f5 32. Ba2 e4 33. Nd4 Ne5 34. b3 Rc5 35. bxc4 Nbxc4 36. Ra1 Kg7 37. Bxc4 Rxc4 38. Ra7+ Kf6 39. Qb2 h5 40. Qb5 Rxc3 41. Qa4 Rc1+ 0-1

[Event "BCF-chT3 1415 (4NCL)"]
[Site "England"]
[Date "2015.05.04"]
[Round "11.206"]
[White "Newton, Robert"]
[Black "Jones, Christopher M"]
[Result "0-1"]
[WhiteElo "2050"]
[BlackElo "2077"]
[PlyCount "92"]
[EventDate "2015.03.21"]
[EventType "team-swiss"]
[EventRounds "11"]
[EventCountry "ENG"]
[SourceTitle "EXT 2016"]
[Source "ChessBase"]
[SourceDate "2015.10.08"]
[SourceVersion "1"]
[SourceVersionDate "2015.10.08"]
[SourceQuality "1"]
[WhiteTeam "Manchester Manticores"]
[BlackTeam "The Rookies"]
[WhiteTeamCountry "ENG"]
[BlackTeamCountry "ENG"]

1. d4 d5 2. c4 e5 3. dxe5 d4 4. a3 Nc6 5. Nf3 Nge7 6. Bf4 Ng6 7. Bg3 h5 8. h4 Bg4 9. Nbd2 Qd7 10. b4 0-0-0 11. Qb3 f6 12. exf6 gxf6 13. 0-0-0 Bh6 14. Kb2 Rhe8 15. b5 Nce5 16. Nxe5 fxe5 17. Ne4 Qg7 18. f3 Bf5 19. Be1 Bxe4 20. fxe4 Nf8 21. g3 Ne6 22. Bh3 Kb8 23. Bxe6 Rxe6 24. Rf1 c6 25. c5 Rf6 26. Rf3 Rdf8 27. Ba5 Rxf3 28. exf3 cxb5 29. Qxb5 Rc8 30. Ka1 Be3 31. Rb1 d3 32. Qxd3 Bd4+ 33. Ka2 Qxg3 34. Be1 Qg2+ 35. Bd2 Rxc5 36. Rb3 Rc1 37. Rb2 Qg8+ 38. Qb3 Qxb3+ 39. Kxb3 Bxb2 40. Kxb2 Rf1 41. Bc3 Rf2+ 42. Kc1 Rxf3 43. Bxe5+ Kc8 44. Bd6 Kd7 45. e5 Rh3 46. Kd2 Rxh4 0-1

[Event "Wakefield 4NCL op 2nd"]
[Site "Wakefield"]
[Date "2015.04.18"]
[Round "2"]
[White "Newton, Robert"]
[Black "Abbas, Daniel Karim"]
[Result "0-1"]
[WhiteElo "2041"]
[BlackElo "2228"]
[PlyCount "92"]
[EventDate "2015.04.17"]
[EventType "swiss"]
[EventRounds "5"]
[EventCountry "ENG"]
[SourceTitle "CBM 166 Extra"]
[Source "ChessBase"]
[SourceDate "2015.06.18"]
[SourceVersion "1"]
[SourceVersionDate "2015.06.18"]
[SourceQuality "1"]

1. d4 Nf6 2. Nf3 e6 3. Bf4 c5 4. e3 Be7 5. h3 b6 6. Nbd2 Bb7 7. c3 0-0 8. Bd3 cxd4 9. exd4 d6 10. Qc2 Nbd7 11. 0-0-0 Rc8 12. Kb1 b5 13. Rhe1 a5 14. g4 Qb6 15. g5 Nd5 16. Bxh7+ Kh8 17. Bg3 Nb4 18. cxb4 Rxc2 19. Bxc2 axb4 20. Bb3 Qa7 21. Re3 Nb6 22. Ne4 Qa8 23. Nfd2 Nc4 24. Ree1 Nxd2+ 25. Nxd2 Bd5 26. h4 Bxb3 27. Nxb3 Qa7 28. g6 Ra8 29. Nc1 b3 30. gxf7 bxa2+ 31. Ka1 Bf6 32. f8Q+ Rxf8 33. Bxd6 Rc8 34. Nb3 Rd8 35. Bc5 Qa4 36. Rd3 e5 37. Bb6 Rd5 38. Rc3 exd4 39. Rc8+ Kh7 40. Nc5 Qb4 41. Ree8 d3 42. Rh8+ Kg6 43. h5+ Kf5 44. Nxd3 Rxd3 45. Rc5+ Kg4 46. f3+ Kh3 0-1

[Event "Bolton Easter op"]
[Site "Bolton"]
[Date "2015.04.05"]
[Round "5"]
[White "Newton, Robert"]
[Black "Goodger, Martyn"]
[Result "1/2-1/2"]
[WhiteElo "2031"]
[BlackElo "2085"]
[PlyCount "144"]
[EventDate "2015.04.03"]
[EventType "swiss"]
[EventRounds "5"]
[EventCountry "ENG"]
[SourceTitle "CBM 165 Extra"]
[Source "ChessBase"]
[SourceDate "2015.04.21"]
[SourceVersion "1"]
[SourceVersionDate "2015.04.21"]
[SourceQuality "1"]

1. d4 f5 2. Nf3 Nf6 3. c4 e6 4. Nc3 Be7 5. h3 d5 6. Bf4 0-0 7. e3 c6 8. Be2 Ne4 9. h4 Nd7 10. Qc2 Ndf6 11. Ne5 Nxc3 12. bxc3 Ne4 13. c5 Bxh4 14. g3 Bg5 15. Bd3 Bxf4 16. exf4 Bd7 17. f3 Nf6 18. g4 g6 19. 0-0-0 Be8 20. Rdg1 Nd7 21. gxf5 Nxe5 22. fxe5 exf5 23. Bxf5 Qe7 24. Kb2 Qg7 25. Be6+ Bf7 26. Bg4 Rae8 27. f4 Be6 28. Bxe6+ Rxe6 29. Qh2 b6 30. cxb6 axb6 31. Qh3 Re7 32. Rf1 Kh8 33. Rhg1 Rf5 34. Rg5 Ra7 35. Rxf5 gxf5 36. Rf2 Qf8 37. Kb1 b5 38. Rb2 Re7 39. Rh2 Rb7 40. Qh6 Qg7 41. Kc2 Ra7 42. Kb3 Qe7 43. Qf6+ Qxf6 44. exf6 Kg8 45. Rh5 Kf8 46. a3 Kg8 47. Rxf5 Kf7 48. Rh5 Kg6 49. Rh2 Ra4 50. f7 Kxf7 51. Rxh7+ Kg6 52. Rh8 Rc4 53. Rf8 Kg7 54. Rf5 Kg6 55. Re5 Kf6 56. Kb2 Ra4 57. Re8 Kf7 58. Rc8 Rc4 59. Kb3 Kf6 60. Rf8+ Ke7 61. Ra8 c5 62. dxc5 Rxc5 63. Rb8 Kf6 64. Rh8 Rc4 65. Rh6+ Ke7 66. f5 d4 67. cxd4 Rxd4 68. Rb6 Rd5 69. f6+ Kf7 70. Kb4 Rf5 71. Rxb5 Rxf6 72. Rb7+ Ke8 1/2-1/2

[Event "BCF-chT3N 1415 (4NCL)"]
[Site "England"]
[Date "2014.11.15"]
[Round "1.76"]
[White "Armstrong, Malcolm J"]
[Black "Newton, Robert"]
[Result "0-1"]
[WhiteElo "2095"]
[BlackElo "2012"]
[PlyCount "110"]
[EventDate "2014.11.15"]
[EventType "team-swiss"]
[EventRounds "6"]
[EventCountry "ENG"]
[SourceTitle "CBM 163 Extra"]
[Source "ChessBase"]
[SourceDate "2014.12.23"]
[SourceVersion "1"]
[SourceVersionDate "2014.12.23"]
[SourceQuality "1"]
[WhiteTeam "Cheddleton II"]
[BlackTeam "Manchester Manticores II"]
[WhiteTeamCountry "ENG"]
[BlackTeamCountry "ENG"]

1. d4 Nf6 2. Nf3 g6 3. g3 Bg7 4. Bg2 d6 5. 0-0 c6 6. c4 Nbd7 7. Nc3 Qc7 8. e4 0-0 9. h3 a6 10. a4 b6 11. Be3 Bb7 12. Rc1 h6 13. Qd2 Kh7 14. Rfd1 Rad8 15. Qc2 e5 16. d5 c5 17. a5 bxa5 18. Bd2 Rb8 19. Ra1 Bc8 20. Na4 Qd8 21. Ne1 Ne8 22. Nd3 Ndf6 23. Bc3 Ng8 24. Qd2 f5 25. Bxa5 Qf6 26. Nc3 f4 27. b4 cxb4 28. Bxb4 h5 29. gxf4 Bh6 30. fxe5 dxe5 31. Qe2 Rf7 32. c5 Qg5 33. f4 exf4 34. Qf3 Bg7 35. Ra2 Bd4+ 36. Kh1 Nh6 37. e5 Bg4 38. hxg4 hxg4 39. Qf1 Rxb4 40. Nxb4 Qh4+ 41. Bh3 Bxc3 42. e6 Rb7 43. d6 Nf5 44. Qg2 Ng3+ 45. Kh2 Rxb4 46. d7 Rb8 47. e7 Be5 48. d8Q f3 49. Qd5 fxg2 50. Qxe5 Qxh3+ 51. Kg1 Qh1+ 52. Kf2 g1Q+ 53. Rxg1 Qf3+ 54. Ke1 Rb1+ 55. Kd2 Rxg1 0-1

[Event "BCF-ch Weekend Atkins"]
[Site "North Shields"]
[Date "2012.07.29"]
[Round "4.23"]
[White "Doran, Chris"]
[Black "Newton, Robert"]
[Result "1-0"]
[WhiteElo "2023"]
[BlackElo "2001"]
[PlyCount "65"]
[EventDate "2012.07.27"]
[EventType "swiss"]
[EventRounds "5"]
[EventCountry "ENG"]
[SourceTitle "EXT 2023"]
[Source "ChessBase"]
[SourceDate "2022.10.05"]
[SourceVersion "1"]
[SourceVersionDate "2022.10.05"]
[SourceQuality "1"]

1. e4 g6 2. d4 Bg7 3. Nc3 d6 4. Be3 c6 5. Qd2 Nd7 6. h4 h5 7. Nh3 Qc7 8. Ng5 Nh6 9. Bc4 Nb6 10. Bb3 e6 11. 0-0-0 a6 12. f3 d5 13. Bf4 Qd8 14. Kb1 f6 15. exd5 cxd5 16. Nh3 Nf7 17. Qd3 f5 18. Rde1 Bf6 19. g3 Kf8 20. Ne2 Bd7 21. Qe3 Rc8 22. Ng5 Rc6 23. Be5 Kg7 24. Nf4 Nxe5 25. dxe5 Bxg5 26. hxg5 Nc4 27. Bxc4 Rxc4 28. b3 Rc6 29. g4 hxg4 30. fxg4 Rxh1 31. Rxh1 fxg4 32. Qg3 Qxg5 33. Qh2 1-0

[Event "BCF-ch Weekend Atkins"]
[Site "North Shields"]
[Date "2012.07.29"]
[Round "5.27"]
[White "Newton, Robert"]
[Black "Turner, Joseph David"]
[Result "0-1"]
[WhiteElo "2001"]
[BlackElo "1994"]
[PlyCount "80"]
[EventDate "2012.07.27"]
[EventType "swiss"]
[EventRounds "5"]
[EventCountry "ENG"]
[SourceTitle "EXT 2023"]
[Source "ChessBase"]
[SourceDate "2022.10.05"]
[SourceVersion "1"]
[SourceVersionDate "2022.10.05"]
[SourceQuality "1"]

1. d4 Nf6 2. g4 c5 3. g5 Ne4 4. Bg2 Qa5+ 5. c3 d5 6. dxc5 Qxc5 7. Be3 Qb5 8. b4 e6 9. Nf3 a5 10. a4 Qc4 11. Nbd2 Nxc3 12. Nxc4 Nxd1 13. Rxd1 dxc4 14. b5 Bb4+ 15. Kf1 0-0 16. Ne5 c3 17. Be4 c2 18. Bxc2 Bc3 19. Nc4 Nd7 20. Nb6 Nxb6 21. Bxb6 e5 22. Rd3 Bb4 23. Re3 Bd2 24. Rg3 Bf4 25. Rc3 Bxg5 26. Rg1 Bd2 27. Rc7 Bh3+ 28. Rg2 Rac8 29. Be4 Bb4 30. Bxb7 Rcd8 31. Rc1 Rd7 32. Bc6 Rc8 33. Kg1 Bxg2 34. Kxg2 Rd2 35. e4 Kf8 36. Be3 Rd6 37. f4 Rg6+ 38. Kf3 exf4 39. Bxf4 Rf6 40. e5 Rxf4+ 0-1

[Event "BCF-ch rapidplay 25th"]
[Site "Leeds"]
[Date "2011.11.19"]
[Round "1"]
[White "Newton, Robert"]
[Black "Davies, Nigel Rodney"]
[Result "0-1"]
[WhiteElo "2001"]
[BlackElo "2494"]
[PlyCount "65"]
[EventDate "2011.11.19"]
[EventType "swiss (rapid)"]
[EventRounds "11"]
[EventCountry "ENG"]
[SourceTitle "EXT 2012"]
[Source "ChessBase"]
[SourceDate "2011.11.24"]
[SourceVersion "1"]
[SourceVersionDate "2011.11.24"]
[SourceQuality "1"]

1. d4 e6 2. Nf3 f5 3. Bf4 Nf6 4. Nbd2 b6 5. e3 Bb7 6. c3 d5 7. Be2 Bd6 8. Ne5 0-0 9. Qc2 c5 10. f3 Nc6 11. 0-0 Rc8 12. Nxc6 Bxc6 13. Bxd6 Qxd6 14. f4 Kh8 15. Rf3 Rg8 16. h4 Be8 17. Rh3 cxd4 18. exd4 Qxf4 19. Qd3 Bb5 20. Qxb5 Qxd2 21. Rd1 Qf4 22. Rf1 Qd6 23. h5 Rgf8 24. a4 Rc7 25. Qd3 Rg8 26. Bd1 g5 27. hxg6 Rxg6 28. Qe3 Ne4 29. Rf4 Rcg7 30. Bf3 Ng5 31. Rh2 Qd7 32. b4 Qd6 33. Kh1 0-1

[Event "Leyland op"]
[Site "Leyland"]
[Date "2010.08.30"]
[Round "6"]
[White "Newton, Robert"]
[Black "Collins, Richard Arnold"]
[Result "1-0"]
[WhiteElo "2058"]
[BlackElo "1944"]
[PlyCount "77"]
[EventDate "2010.08.28"]
[EventType "swiss"]
[EventRounds "6"]
[EventCountry "ENG"]
[SourceTitle "CBM 138 Extra"]
[Source "ChessBase"]
[SourceDate "2010.10.29"]
[SourceVersion "1"]
[SourceVersionDate "2010.10.29"]
[SourceQuality "1"]

1. d4 Nf6 2. g4 Nxg4 3. e4 d6 4. Be2 Nf6 5. Nc3 e5 6. d5 b6 7. Be3 Ba6 8. f3 Bxe2 9. Ngxe2 g6 10. Qd2 Bg7 11. 0-0-0 Nbd7 12. h4 Nh5 13. Rdg1 0-0 14. Ng3 Nxg3 15. Rxg3 h5 16. Bg5 Bf6 17. Ne2 Kh7 18. Kb1 Rh8 19. Rf1 Bxg5 20. hxg5 Kg7 21. Qc3 Kg8 22. Nc1 a5 23. Nd3 Rc8 24. f4 exf4 25. Rxf4 Rh7 26. Rf1 Qe7 27. e5 Nxe5 28. Re1 h4 29. Rge3 h3 30. Nxe5 dxe5 31. Rxh3 Qb4 32. Reh1 Rh5 33. Rxh5 gxh5 34. Qxe5 Qg4 35. a3 Rd8 36. Re1 Qc4 37. g6 Qxd5 38. gxf7+ Qxf7 39. Qg5+ 1-0